000 00644nam a2200121Ia 4500
008 220216s9999 xx 000 0 und d
100 _aNarayanan P.K.
245 4 _aThe role co-operatives can play in the modernisation of the smallholder sector in the natural rubber industry in India
260 _bIn: Progress and development of rubber smallholders: Proceedings of the Third Seminar, 24-30 November 1977, Cochin, India. (Eds. Sumardi Reksopoetranto and G.S. Tan). Association of Natural Rubber Producing Countries, Kuala Lumpur, Malaysia, pp. 117-121.
_c1979
650 _aRubber co-operative society
650 _aSmallholdings
942 _cBS
999 _c49849
_d49849